000 00713nam a2200205Ii 4500
003 JO-AjNU
008 230605s9999||||xx |||||||||||||| ||und||
040 _aJO-AjNU
_bara
_erda
_cJO-AjNU
041 _aara
050 1 4 _aLC4704.D3364 2004
100 3 _aالدعدع،عزة مختار مؤلفة/أبو مغلي،سمير عبد الله م.مشارك,
_eauthor
_930376
245 0 0 _aتعلم الطفل بطيئ التعلم
250 _aط4
264 3 1 _aعمان:دار الفكر،2004
300 _a92ص
336 _atext
_btxt
_2rdacontent
337 _aunmediated
_bn
_2rdamedia
338 _avolume
_bnc
_2rdacarrier
650 4 _aالأطفال بطيئي التعلم-طرق التدريس
_930377
999 _aA12033
_c15601
_d15601